| 000 | 00456nam a2200193Ia 4500 | ||
|---|---|---|---|
| 008 | 210210b1965 xxu||||| |||| 00| 0 eng d | ||
| 041 | _aeng | ||
| 082 | _a335/301 | ||
| 100 | _aSINGH (V B) Ed | ||
| 245 | _aEconomic history of India 1857-1956 | ||
| 260 |
_aBombay _bAllied Publishers _c1965 |
||
| 650 | _aof | ||
| 650 | _aIndia | ||
| 650 | _ahistory | ||
| 650 | _aEconomic | ||
| 650 | _a1857-1956 | ||
| 690 | _aIndian Economics | ||
| 906 | _a004644 | ||
| 999 |
_c127159 _d127159 |
||